Projektovanie prieskumných a súvisiacich prác

Bibliographic Details
Main Author: Rusnák, František (Author)
Format: Article
Language:Slovak
Subjects:

MARC

LEADER 00000nab a2200000 a 4500
001 vtls000343931
003 SK-MaSNL
005 20260302230804.0
008 111202c1988 xo 0 slo
015 |a SNBRA19rr/mm-uuuuu 
035 |a CL0344053 
040 |a SNKBUCL  |b slo  |c SNKBUCL  |e AACR2 
041 0 |a slo 
044 |a xo  |c SK 
080 |a 550.8.001.63  |2 1981 
100 1 |a Rusnák, František  |4 aut  |9 960830 
245 1 0 |a Projektovanie prieskumných a súvisiacich prác  |c František Rusnák 
650 0 7 |a geologický prieskum  |2 snkbucl  |9 4100 
650 0 7 |a projektovanie  |2 snkbucl  |9 4997 
655 7 |a články zo zborníkov  |2 snkbucl  |9 166140 
773 0 |t Tridsaťpäť rokov Geologického prieskumu  |d Spišská Nová Ves : Dom techniky ČSVTS, 1988 
850 |a Slovenská národná knižnica v Martine  |a MTA001 
852 |a SNK  |b KIS3GCP 
958 |a RK 
992 |a RZB 
999 |c 1535430  |d 1537360